| 000 | 00745nam a22002291i 4500 | ||
|---|---|---|---|
| 001 | 000030436 | ||
| 003 | RuMoIPM | ||
| 005 | 20260428123720.0 | ||
| 008 | 130115s1976----ru | c rus | ||
| 040 |
_aRuMoIPM _brus _ercr |
||
| 041 | 0 | _arus | |
| 044 | _aru | ||
| 080 | _a51(091) | ||
| 100 | 1 | _aНикифоровский, Виктор Арсеньевич | |
| 245 | 1 |
_aРождение новой математики _cВ. А. Никифоровский, Л. С. Фрейман |
|
| 260 |
_aМосква _bНаука _c1976 |
||
| 300 |
_a199 с. _bил. |
||
| 490 | 0 | _aИз истории мировой культуры | |
| 504 | _aБиблиогр.: с. 197 | ||
| 700 | 1 | _aФрейман, Леон Семенович | |
| 942 | _cBK | ||
| 999 |
_c30436 _d30436 |
||